000
00214nam a2200097Ia 4500
008
120527s9999 xx 000 0 und d
100
_a
Wassenaar,I.P
245
_a
Furniture, 1st ed.
260
_b
D.I.T
942
_c
BK
999
_c
15009
_d
15009